История московских районов (Запись № 1388567)

Подробности
000 -МАРКЕР
контрольное поле 01738nam0a2200313 4500
001 - ИДЕНТИФИКАТОР ЗАПИСИ
контрольное поле RU\NLR\bibl\846888
005 - ИДЕНТИФИКАТОР ВЕРСИИ
контрольное поле 20260406122839.0
010 ## - МЕЖДУНАРОДНЫЙ СТАНДАРТНЫЙ НОМЕР КНИГИ (ISBN)
Номер (ISBN) 5-17-029169-8
Тираж 5000
021 ## - НОМЕР ГОСУДАРСТВЕННОЙ РЕГИСТРАЦИИ
Код страны Российская Федерация
Номер 2005-54751
Номер Листа государственной регистраци 2676
035 ## - ДРУГИЕ СИСТЕМНЫЕ НОМЕРА
Идентификатор записи (NLR Aleph) 000835662
100 ## - ДАННЫЕ ОБЩЕЙ ОБРАБОТКИ
Данные общей обработки 20050930d2005 |||y0rusy50 ca
101 0# - ЯЗЫК РЕСУРСА
Язык текста, звукозаписи и т.д. русский
102 ## - СТРАНА ПУБЛИКАЦИИ ИЛИ ПРОИЗВОДСТВА
Страна публикации Российская Федерация
105 ## - ПОЛЕ КОДИРОВАННЫХ ДАННЫХ: ТЕКСТОВЫЕ МАТЕРИАЛЫ, МОНОГРАФИЧЕСКИЕ
Кодированные данные о монографическом текстовом документе a |||||||||
200 1# - ЗАГЛАВИЕ И СВЕДЕНИЯ ОБ ОТВЕТСТВЕННОСТИ
Основное заглавие История московских районов
Сведения, относящиеся к заглавию энциклопедия
Первые сведения об ответственности Всерос. науч. и культур.-просветит. об-во "Энциклопедия Рос. деревень", Правительство Москвы, Глав. архив. упр. г. Москвы, Рос. акад. с.-х. наук, Всерос. ин-т аграр. проблем и информатики им. А.А. Никонова
Последующие сведения об ответственности под ред. К.А. Аверьянова
210 ## - ПУБЛИКАЦИЯ, РАСПРОСТРАНЕНИЕ И ДР.
Место издания, распространения и т.д. Москва
Имя издателя, распространителя и т. д. АСТ
-- Астрель
Дата издания, распространения и т.д. 2005
215 ## - ФИЗИЧЕСКАЯ ХАРАКТЕРИСТИКА
Специфическое обозначение материала и объем 830, [1] с., [16] л. ил.
Размеры 21
320 ## - ПРИМЕЧАНИЯ О НАЛИЧИИ В ДОКУМЕНТЕ БИБЛИОГРАФИИ / УКАЗАТЕЛЯ
Текст примечания Библиогр.: с. 770-782
320 ## - ПРИМЕЧАНИЯ О НАЛИЧИИ В ДОКУМЕНТЕ БИБЛИОГРАФИИ / УКАЗАТЕЛЯ
Текст примечания Указ.: с. 783-822
607 ## - ГЕОГРАФИЧЕСКОЕ НАИМЕНОВАНИЕ КАК ПРЕДМЕТ
Географическое наименование Москва, город
Формальный подзаголовок Энциклопедии
Тематический подзаголовок Районы
-- История
Системный номер авторитетной/нормативной записи 2352426
Идентификатор авторитетной/нормативной записи RU\NLR\auth\661405330
686 ## - ИНДЕКСЫ ДРУГИХ КЛАССИФИКАЦИЙ
Индекс Т3(2-2М)я20
702 #1 - ИМЯ ЛИЦА - ВТОРИЧНАЯ ОТВЕТСТВЕННОСТЬ
Код отношения Редактор
Начальный элемент ввода Аверьянов
Часть имени, кроме начального элемента ввода К. А.
Даты 1959-
Расширение инициалов личного имени Константин Александрович
Системный номер авторитетной/нормативной записи 142995
Идентификатор авторитетной/нормативной записи RU\NLR\AUTH\770143031
712 02 - НАИМЕНОВАНИЕ ОРГАНИЗАЦИИ - ВТОРИЧНАЯ ОТВЕТСТВЕННОСТЬ
Код отношения Прочие
Начальный элемент ввода "Энциклопедия российских деревень", всероссийское научно-исследовательское и культурно-просветительское общество
Идентификатор авторитетной/нормативной записи RU\NLR\AUTH\8815533
Системный номер авторитетной/нормативной записи 304253
801 #0 - ИСТОЧНИК ЗАПИСИ
Страна Российская Федерация
Организация NLR
Дата составления 20050930
Правила каталогизации rcr
801 #1 - ИСТОЧНИК ЗАПИСИ
Страна Российская Федерация
Организация NLR
Дата составления 20050930
942 ## - ДОПОЛНИТЕЛЬНЫЕ ЭЛЕМЕНТЫ ЗАПИСИ (АБИС)
Тип экземпляра АБИС Книга
980 ## - КОЛЛЕКЦИЯ
Название коллекции Национальная библиография
Экземпляры
Тип экземпляра Дата поступления Источник поступления Библиотека постоянного хранения Библиотека текущего хранения Место хранения Шифр хранения Штрих-код Статус экземпляра Стоимость
Книга 30.09.2005 Обязательный экземпляр РНБ (Московский) РНБ (Московский) Русский книжный фонд: издания с 1957 года 2005-3/25932 1-2039413    
Книга 30.09.2005 Обязательный экземпляр РНБ (Московский) РНБ (Московский) Русский книжный фонд: издания с 1957 года 2005-3/25932 2004024    
Книга 10.03.2006 Покупка РНБ (Московский) РНБ (Московский) Резервный фонд 2005-3/25932 1-118093 Доставлен в Фoнд 234.03
Книга 10.03.2006 Покупка РНБ (Московский) РНБ (Московский) Фонд общего зала социально-экономической литературы С1 Т3(2-2М)/И-907 1-470613   234.03
Книга 10.03.2006 Покупка РНБ (Садовая) РНБ (Садовая) Фонд научного зала социально-экономической литературы С2 Т3(2-2М)/И-907 1-118092   234.03